000 00380nam a2200157Ia 4500
008 230917s9999||||xx |||||||||||||| ||und||
040 _e229527
_aMAIN
041 _aEnglish
082 _a005.1 S55S(9)
100 _aSommerville, Ian
245 0 _aSoftware engineering
250 _a9th ed.
260 _aNew Delhi
_bPearson Education
_c2014
300 _a700 p.
942 _cBK
999 _c180832
_d180832